000 01075nam a22002417a 4500
003 UA-OsUOA
001 45723
007 ta
008 20111110b un ||||| |||| 00| 0 ukr d
090 _a050
_bН34
942 _cBK
040 _aUA-OsUOA
_bukr
_cUA-OsUOA
_dUA-OsUOA
245 _aНаукові записки Національного університету "Острозька академія": Історичні науки
_cВідп. редактори: І. Пасічник, Л. Винар
300 _a521 с.
955 _a1
041 _aukr
080 _a050
260 _aОстрог
_bВидавництво Національного університету "Острозька академія"
_c2010
246 3 1 _aВип. 15
650 7 _a050 Серійні публікації. Періодика галузі, Організація та інші типи поєднання (співробітництва)
_2UDC
999 _c425824
_d425824